Touch Me, Please! : (Record no. 9311)

MARC details
000 -LEADER
fixed length control field 00549nam a22001817a 4500
003 - CONTROL NUMBER IDENTIFIER
control field OSt
005 - DATE AND TIME OF LATEST TRANSACTION
control field 20260407044454.0
008 - FIXED-LENGTH DATA ELEMENTS--GENERAL INFORMATION
fixed length control field 260407b |||||||| |||| 00| 0 eng d
020 ## - INTERNATIONAL STANDARD BOOK NUMBER
International Standard Book Number 9718905235
040 ## - CATALOGING SOURCE
Original cataloging agency DWCL GS lib
Transcribing agency OC
082 ## - DEWEY DECIMAL CLASSIFICATION NUMBER
Classification number Res. (Fil.) 808.87 T691t 1999
100 ## - MAIN ENTRY--PERSONAL NAME
Personal name Torrenueva C.
245 ## - TITLE STATEMENT
Title Touch Me, Please! :
Remainder of title (A jokebook) English & Tagalog
Statement of responsibility, etc. C. Torrenueva
260 ## - PUBLICATION, DISTRIBUTION, ETC.
Place of publication, distribution, etc. Cebu City
Name of publisher, distributor, etc. RSO TRADING
Date of publication, distribution, etc. c1999.
300 ## - PHYSICAL DESCRIPTION
Extent v, 102 pages:
Other physical details illustrations
Dimensions 12cm.
546 ## - LANGUAGE NOTE
Language note English
942 ## - ADDED ENTRY ELEMENTS (KOHA)
Source of classification or shelving scheme Dewey Decimal Classification
Koha item type Book- Reserved
Classification part Res.(Fil.)
Suppress in OPAC No
952 ## - LOCATION AND ITEM INFORMATION (KOHA)
--
952 ## - LOCATION AND ITEM INFORMATION (KOHA)
--
952 ## - LOCATION AND ITEM INFORMATION (KOHA)
--
952 ## - LOCATION AND ITEM INFORMATION (KOHA)
--
952 ## - LOCATION AND ITEM INFORMATION (KOHA)
--
Holdings
Withdrawn status Lost status Source of classification or shelving scheme Damaged status Not for loan Home library Current library Shelving location Date acquired Source of acquisition Total Checkouts Full call number Barcode Date last seen Copy number Price effective from Koha item type Uniform Resource Identifier
    Dewey Decimal Classification     Graduate School of Business and Management Library Graduate School of Business and Management Library Reserved 04/07/2026 School Fund, Donation   Res.(Fil.) 808.87 T691t 1999 1997 04/07/2026 c1 04/07/2026 BK-0 CIRC
    Dewey Decimal Classification     Graduate School of Business and Management Library Graduate School of Business and Management Library Reserved 04/07/2026 School Fund, Donation   Res.(Fil.) 808.87 T691t 1999 19956 04/07/2026 c2 04/07/2026 BK-0 CIRC
    Dewey Decimal Classification     Graduate School of Business and Management Library Graduate School of Business and Management Library Reserved 04/07/2026 School Fund, Donation   Res.(Fil.) 808.87 T691t 1999 19954 04/07/2026 c3 04/07/2026 BK-0 CIRC
    Dewey Decimal Classification     Graduate School of Business and Management Library Graduate School of Business and Management Library Reserved 04/07/2026 School Fund, Donation   Res.(Fil.) 808.87 T691t 1999 19953 04/07/2026 c4 04/07/2026 BK-0 CIRC
    Dewey Decimal Classification     Graduate School of Business and Management Library Graduate School of Business and Management Library Reserved 04/07/2026 School Fund, Donation   Res.(Fil.) 808.87 T691t 1999 19955 04/07/2026 c5 04/07/2026 BK-0 CIRC